000 00542nam a2200217Ia 4500
003 OSt
005 20221005123721.0
006 a|||||r|||| 00| 0
007 ta
008 221004b |||||||| |||| 00| 0 eng d
024 _a117873
037 _cTextual
040 _aCRL
_cCRL
_beng
041 _2eng
_aeng
100 _aGhautam Laxman dutt
_9634111
245 0 _aMahadevi Verma
_b Kavi aur Gadhkar
260 _c1972
650 _aHINDI LITERATURE
_923866
942 _cTEXL
_2cc
999 _c1048250
_d1048250